000 00355nam a2200145Ia 4500
008 230917s9999||||xx |||||||||||||| ||und||
040 _e218227
_aMAIN
041 _aEnglish
082 _a320.03 S64R
100 _aSingh, S N
245 0 _aRajniti vigyan shabdhkosh
260 _aJaipur
_bRawat Publications
_c2013
300 _axi, 501 p.
942 _cBK
999 _c179574
_d179574